Gran Bretaña y Europa / (Record no. 106463)
[ view plain ]
| 000 -LEADER | |
|---|---|
| campo de control de longitud fija | 00953nam a2200253 i 4500 |
| 001 - NÚMERO DE CONTROL | |
| campo de control | 106463 |
| 003 - IDENTIFICADOR DE NÚMERO DE CONTROL | |
| campo de control | ES-MaACL |
| 005 - FECHA Y HORA DE LA ÚLTIMA TRANSACCIÓN | |
| campo de control | 20250812062525.0 |
| 007 - CAMPO FIJO DE DESCRIPCIÓN FÍSICA--INFORMACIÓN GENERAL | |
| campo de control de longitud fija | t| |
| 008 - DATOS DE LONGITUD FIJA--INFORMACIÓN GENERAL | |
| campo de control de longitud fija | 221106s1960 sp ||||1| spa d |
| 080 ## - NÚMERO DE LA CLASIFICACIÓN DECIMAL UNIVERSAL | |
| Número de la Clasificación Decimal Universal | 327(410:4) |
| 100 1# - ENTRADA PRINCIPAL--NOMBRE DE PERSONA | |
| Nombre de persona | Ryder, Wilfred. |
| 9 (RLIN) | 101107 |
| 245 10 - MENCIÓN DEL TÍTULO | |
| Título | Gran Bretaña y Europa / |
| Mención de responsabilidad, etc. | Wilfred Ryder. |
| 260 ## - PUBLICACIÓN, DISTRIBUCIÓN, ETC. | |
| Lugar de publicación, distribución, etc. | Madrid : |
| Nombre del editor, distribuidor, etc. | Ateneo, |
| Fecha de publicación, distribución, etc. | 1960. |
| 300 ## - DESCRIPCIÓN FÍSICA | |
| Extensión | 32 p. ; |
| Dimensiones | 19 cm. |
| 490 1# - MENCIÓN DE SERIE | |
| Mención de serie | Colección "O crece o muere" ; |
| Designación de volumen o secuencia | 146 |
| 500 ## - NOTA GENERAL | |
| Nota general | Este trabajo fue dado a conocer por su autor en la conferencia pronunciada en el Ateneo de Madrid el día 30 de mayo de 1960, en el ciclo "El hombre y la sociedad de masas" -- Verso portada. |
| 610 2# - PUNTO DE ACCESO ADICIONAL DE MATERIA--NOMBRE DE ENTIDAD CORPORATIVA | |
| Nombre de entidad corporativa o nombre de jurisdicción como elemento de entrada | Ateneo de Madrid- |
| Subdivisión de forma | Conferencias- |
| Subdivisión cronológica | 1940-1982. |
| 9 (RLIN) | 1908 |
| 651 #4 - PUNTO DE ACCESO ADICIONAL DE MATERIA--NOMBRE GEOGRÁFICO | |
| Nombre geográfico | Gran Bretaña- |
| Subdivisión general | Relaciones- |
| Subdivisión geográfica | Europa. |
| 9 (RLIN) | 8764 |
| 710 2# - ENTRADA AGREGADA--NOMBRE DE ENTIDAD CORPORATIVA | |
| Nombre de entidad corporativa o nombre de jurisdicción como elemento de entrada | Ateneo de Madrid. |
| 9 (RLIN) | 1875 |
| 830 00 - PUNTO DE ACCESO ADICIONAL DE SERIE-TÍTULO UNIFORME | |
| Título uniforme | Colección "O crece o muere" |
| Designación de volumen o secuencia | 146 |
| 9 (RLIN) | 183476 |
| 852 ## - LOCALIZACIÓN | |
| Ubicación | ES-MaACL |
| Número de control de estantería | 2208-F-1 |
| Sublocalización o colección | R.138047 |
| Estatus retirado | Estado de pérdida | Estado de daño | No para préstamo | Colección | Biblioteca de origen | Biblioteca actual | Ubicación en estantería | Fecha de adquisición | Fuente de adquisición | Total de préstamos | Signatura topográfica completa | Código de barras | Visto por última vez | Precio de reemplazo | Tipo de ítem Koha |
|---|---|---|---|---|---|---|---|---|---|---|---|---|---|---|---|
| Colección de folletos | Biblioteca del Ateneo de Madrid | Biblioteca del Ateneo de Madrid | Depósito folletos | 17/01/2008 | 2208-F-1 | 1111134 | 23/02/2023 | 23/02/2023 | Folleto |
